Napäťový kanál merača výkonu riadeného mikroradičom TMS370 = Voltage channel of power meter controlled by microcontroller TMS370

Uložené v:
Podrobná bibliografia
Hlavný autor: Gögh, Peter (Autor)
Ďalší autori: Hribik, Ján, 1948- (Vedúci práce)
Médium: Rukopis Kniha
Jazyk:Slovak
Vydavateľské údaje: Bratislava : STU v Bratislave FEI, 2000
Predmet:
Tagy: Pridať tag
Žiadne tagy, Buďte prvý, kto otaguje tento záznam!

MARC

LEADER 00000ntm a22000003a 4500
001 stu56365
005 20160719164833.8
008 010201s2000------------------------slo-d
040 |a STU  |b slo 
041 0 |a slo 
100 1 |a Gögh, Peter  |4 aut 
245 1 |a Napäťový kanál merača výkonu riadeného mikroradičom TMS370 = Voltage channel of power meter controlled by microcontroller TMS370 
260 |a Bratislava :  |b STU v Bratislave FEI,  |c 2000 
300 |a 33 s  |c príl. 
650 7 |a elektronika  |2 stusub 
700 1 |a Hribik, Ján,  |d 1948-  |4 ths  |u E030  |U FEI Fakulta elektrotechniky a informatiky  |T FEI Ústav elektroniky a fotoniky  |X 2057  |U E030  |Y 549  |7 A000002057